O cântico de Natal (Registo nº 770)

Detalhes MARC
000 -Etiqueta do registo
Cabeçalho 00805nam0a2200277 4500
005 - Identificador da versão
Campo de controlo 20240813121814.0
010 ## - Número internacional normalizado dos livros (ISBN)
Número (ISBN) 9722007637
021 ## - Número do Depósito Legal
Código do país PT
Número 27637/89
100 ## - Dados gerais de processamento
Dados gerais de processamento 20160613d1989 a e0pory5003 ba
102 ## - Pais de publicação ou produção
País de publicação Portugal
101 1# - Língua de publicação
Língua do texto, banda sonora, etc. Português
Língua do documento no original Inglês
215 ## - Descrição física 
Indicação específica da natureza do documento e extensão da espécie 149, [1] p.
Outras indicações físicas il
200 1# - Titulo e menção de responsabilidade
Título próprio O cântico de Natal
Primeira menção de responsabilidade Charles Dickens
Outras menções de responsabilidade trad. João Costa
225 2# - Colecção 
Título próprio da colecção Biblioteca juvenil Dom Quixote
Indicação de volume 7
205 ## - Menção da edição
Menção da edição 1ª ed.
210 ## - Publicação, Distribuição, etc. 
Lugar da edição, distribuição, etc. Lisboa
Nome do editor, distribuidor, etc. Dom Quixote
Data da publicação, distribuição, etc. 1989
300 ## - Notas gerais 
Texto da nota Plano NAcional de Leitura
606 ## - Nome comum usado como assunto
Número de registo de entrada de autoridade 0002036
Palavra de ordem Literatura inglesa
Subdivisão de assunto Conto
Código do sistema CA
675 ## - Classificação Decimal Universal (CDU)
Notação 821.111-34
Edição 3ª ed.
Língua da edição por
702 #1 - Nome de autor-pessoa física (responsabilidade secundária)
Número de registo de entrada de autoridade 0002980
Palavra de ordem Costa
Outra parte do nome não tomada para palavra de ordem João
Código de função Tradutor
700 #1 - Nome de autor-pessoa física (responsabilidade principal)
Número de registo de entrada de autoridade 0001904
Palavra de ordem Dickens
Outra parte do nome não tomada para palavra de ordem Charles
Datas 1812-1870
966 ## - Identificação da Biblioteca
Sigla EB2,3ENM
942 ## - Elementos de entrada adicionados (Koha)
Tipo de item no Koha Livro
Exemplares
Situação do levantamento Origin of item (home branch) (coded) Biblioteca de empréstimo Código de barras Cota Circulation type (not for loan) Tipo de documento Nota do exemplar Damaged status
  Biblioteca Escolar Eng. Nuno Mergulhão Biblioteca Escolar Eng. Nuno Mergulhão BENM1487 82LE-34 DIC PNL   Livro Sem mensagem